00527 2200193 4500001002100000005001500021035002000036245011100056100001800167250000700185300002500192260003500217082001200252084001800264020001500282600001800297990000900315990000900324INLIS00000000000002920251007084113 a0010-10250000151 aCara Praktis Membuat Presentasi Menarik dengan Photoshop CS2 & Microsoft Power Point 2003 /cMardiana Wati0 aMardiana Wati a1. a232 hlm. ;c19,5 cm. aBandung :bYrama Widya,c2006. a005.369 a005.369 MAR c a9795435035 4aMardiana Wati a1587 a1588